| 000 | 00641nam a2200205 i 4500 | ||
|---|---|---|---|
| 001 | 71752 | ||
| 003 | ES-MaACL | ||
| 005 | 20250520160803.0 | ||
| 007 | t| | ||
| 008 | 040818s1932 fr ||||1| fre d | ||
| 100 | 1 |
_aGhéon, Henri. _956558 |
|
| 245 | 1 | 0 |
_aPromenades avec Mozart _b: l'homme, l'oeuvre, le pays / _cHenri Ghéon. |
| 260 |
_aParís : _bDesclée de Brouwer, _c1932 ( _eBrujas : _fDesclee) |
||
| 300 |
_a484 p., 16 lám. ; _c20 cm. |
||
| 490 | 1 | _aLes Iles | |
| 600 | 1 | 7 |
_aMozart, Wolfgang Amadeus, _d1756-1791 _2embne _9240565 |
| 830 | 0 |
_aLes Iles _9231087 |
|
| 852 |
_aES-MaACL _jA-1529 |
||
| 999 |
_c71752 _d71752 |
||